Statistics for Gdp 2100 top 100

Click here to take the quiz!

General Stats

  • This quiz has been taken 10 times
  • The average score is 70 of 100

Answers on the Map

Answers color-coded by a green-red scale on the quiz's map according to % correct below.
 

Answer Stats

Answer% Correct
Afghanistan
75%
Algeria
75%
Angola
75%
Argentina
75%
Australia
75%
Austria
75%
Belgium
75%
Benin
75%
Bolivia
75%
Brazil
75%
Canada
75%
Chile
75%
China
75%
Colombia
75%
Czechia
75%
Democratic Republic of the Congo
75%
Denmark
75%
Ecuador
75%
Egypt
75%
Ethiopia
75%
France
75%
Germany
75%
Ghana
75%
Greece
75%
Guatemala
75%
India
75%
Indonesia
75%
Iran
75%
Iraq
75%
Ireland
75%
Italy
75%
Ivory Coast
75%
Japan
75%
Kazakhstan
75%
Kenya
75%
Madagascar
75%
Malawi
75%
Mali
75%
Mexico
75%
Morocco
75%
Mozambique
75%
Netherlands
75%
Niger
75%
Nigeria
75%
Norway
75%
Peru
75%
Poland
75%
Portugal
75%
Romania
75%
Russia
75%
Saudi Arabia
75%
South Africa
75%
Spain
75%
Sudan
75%
Sweden
75%
Switzerland
75%
Syria
75%
Tanzania
75%
Turkey
75%
Uganda
75%
Ukraine
75%
United Arab Emirates
75%
United Kingdom
75%
United States
75%
Venezuela
75%
Bangladesh
63%
Belarus
63%
Bulgaria
63%
Burkina Faso
63%
Cameroon
63%
Croatia
63%
Dominican Republic
63%
Finland
63%
Honduras
63%
Hungary
63%
Israel
63%
Libya
63%
Malaysia
63%
Pakistan
63%
Paraguay
63%
Philippines
63%
Rwanda
63%
Senegal
63%
Serbia
63%
Slovakia
63%
Somalia
63%
Tajikistan
63%
Thailand
63%
Uruguay
63%
Uzbekistan
63%
Vietnam
63%
Yemen
63%
Zambia
63%
Zimbabwe
63%
Cambodia
50%
Myanmar
50%
Nepal
50%
South Korea
50%
Sri Lanka
50%
Taiwan
50%

Score Distribution

Percentile by Number Answered

Percent of People with Each Score

Your Score History

You have not taken this quiz